[Event "GER-chT U10"]
[Site "Magdeburg"]
[Date "2014.12.29"]
[Round "6.3"]
[White "Burkhardt, Jonas"]
[Black "Schauder, Finn Leon"]
[Result "0-1"]
[WhiteElo "600"]
[BlackElo "1011"]
[PlyCount "32"]
[EventDate "2014.12.27"]
[EventType "team-swiss"]
[EventRounds "7"]
[EventCountry "GER"]
[SourceTitle "EXT 2016"]
[Source "ChessBase"]
[SourceDate "2015.10.08"]
[SourceVersion "1"]
[SourceVersionDate "2015.10.08"]
[SourceQuality "1"]
[WhiteTeam "Apolda"]
[BlackTeam "Braunschweig"]
[WhiteTeamCountry "GER"]
[BlackTeamCountry "GER"]

1. e4 e5 2. Nf3 Nc6 3. Bc4 Bc5 4. 0-0 d6 5. d3 Bg4 6. h3 Bh5 7. Nc3 Nd4 8. Na4 Nxf3+ 9. gxf3 Qd7 10. Nxc5 dxc5 11. c3 Qxh3 12. Qa4+ c6 13. Qb3 Nf6 14. Bd2 0-0 15. d4 Bxf3 16. Rfe1 Qg2# 0-1

[Event "GER-chT U10"]
[Site "Magdeburg"]
[Date "2014.12.28"]
[Round "5.3"]
[White "Troyke, Jannis"]
[Black "Burkhardt, Jonas"]
[Result "1-0"]
[WhiteElo "1089"]
[BlackElo "600"]
[PlyCount "77"]
[EventDate "2014.12.27"]
[EventType "team-swiss"]
[EventRounds "7"]
[EventCountry "GER"]
[SourceTitle "EXT 2016"]
[Source "ChessBase"]
[SourceDate "2015.10.08"]
[SourceVersion "1"]
[SourceVersionDate "2015.10.08"]
[SourceQuality "1"]
[WhiteTeam "Stralsund"]
[BlackTeam "Apolda"]
[WhiteTeamCountry "GER"]
[BlackTeamCountry "GER"]

1. d4 d5 2. c4 dxc4 3. Nf3 Nf6 4. Nc3 e6 5. e3 b5 6. Nxb5 Be7 7. Bxc4 0-0 8. 0-0 Bd7 9. Nc3 c6 10. Bd2 Bd6 11. e4 c5 12. e5 Bc7 13. exf6 Qxf6 14. Bg5 Qg6 15. dxc5 Bc6 16. Be3 Qh5 17. h3 Bxf3 18. Qxf3 Qe5 19. Bf4 Qxc5 20. Bxc7 Qxc7 21. Qxa8 Qxc4 22. Qxa7 Nc6 23. Qc7 Qa6 24. Qf4 h6 25. Qa4 Qc8 26. Rac1 e5 27. Nd5 Rd8 28. Ne7+ Nxe7 29. Rxc8 Nxc8 30. Rd1 Rxd1+ 31. Qxd1 f6 32. Qd8+ Kf7 33. Qxc8 g6 34. Qd7+ Kf8 35. b4 e4 36. b5 f5 37. b6 f4 38. b7 e3 39. b8Q# 1-0